NFL Top 100 Players of 2022 - Statistics

General Stats
  • This quiz has been taken 39 times
  • The average score is 73 of 100
Answer Stats
Rank Team Position Player % Correct
3. GB QB Aaron Rodgers
100%
7. LVR WR Davante Adams
100%
12. TEN RB Derrick Henry
100%
8. KC QB Patrick Mahomes
100%
1. TB QB Tom Brady
100%
2. LAR DT Aaron Donald
96%
4. LAR WR Cooper Kupp
96%
71. PHI C Jason Kelce
96%
20. LAC CB JC Jackson
96%
88. WAS DT Jonathan Allen
96%
13. BUF QB Josh Allen
96%
35. LAC WR Keenan Allen
96%
36. BAL QB Lamar Jackson
96%
97. NYG DE Leonard Williams
96%
72. SEA S Quandre Diggs
96%
26. BUF WR Stefon Diggs
96%
10. KC TE Travis Kelce
96%
14. SF OT Trent Williams
96%
23. DAL CB Trevon Diggs
96%
62. LVR DE Chandler Jones
93%
39. KC DT Chris Jones
93%
22. SF TE George Kittle
93%
9. LAR CB Jalen Ramsey
93%
24. CIN WR Ja'Marr Chase
93%
21. CIN QB Joe Burrow
93%
30. LAC DE Joey Bosa
93%
17. MIN WR Justin Jefferson
93%
85. NE QB Mac Jones
93%
27. LAR QB Matthew Stafford
93%
11. CLE DE Myles Garrett
93%
25. SF DE Nick Bosa
93%
6. PIT LB TJ Watt
93%
15. MIA WR Tyreek Hill
93%
44. DAL QB Dak Prescott
89%
19. SF WR Deebo Samuel
89%
43. LAC S Derwin James
89%
5. IND RB Jonathan Taylor
89%
40. LAC QB Justin Herbert
89%
16. DAL LB Micah Parsons
89%
33. CLE RB Nick Chubb
89%
61. DEN QB Russell Wilson
89%
51. NO RB Alvin Kamara
86%
57. ARI QB Kyler Murray
86%
32. BAL TE Mark Andrews
86%
31. MIN RB Dalvin Cook
82%
37. ARI WR DeAndre Hopkins
82%
47. SF LB Fred Warner
82%
53. TB WR Mike Evans
82%
67. ARI S Budda Baker
79%
63. MIA WR Jaylen Waddle
79%
38. CIN RB Joe Mixon
79%
59. LVR DE Maxx Crosby
79%
28. IND G Quenton Nelson
79%
95. DAL WR CeeDee Lamb
75%
66. IND DT DeForest Buckner
75%
65. LVR QB Derek Carr
75%
94. BAL K Justin Tucker
75%
99. MIN QB Kirk Cousins
75%
46. LAC RB Austin Ekeler
71%
77. PHI CB Darius Slay
71%
74. NO LB Demario Davis
71%
68. DAL G Zack Martin
71%
87. CLE CB Denzel Ward
68%
64. TB LB Devin White
68%
54. TEN DT Jeffery Simmons
68%
96. SF S Jimmie Ward
68%
81. DEN S Justin Simmons
68%
91. ATL TE Kyle Pitts
68%
84. CHI LB Roquan Smith
68%
92. DAL OT Tyron Smith
68%
42. PIT DT Cameron Heyward
64%
58. LVR TE Darren Waller
64%
80. ARI RB James Conner
61%
45. BUF S Jordan Poyer
61%
41. TB OT Tristan Wirfs
61%
29. LAR LB Bobby Wagner
57%
78. CIN DE Trey Hendrickson
54%
56. MIA CB Xavien Howard
54%
69. NO DE Cameron Jordan
50%
89. NO CB Marshon Lattimore
50%
93. BUF LB Von Miller
50%
76. CAR DE Brian Burns
46%
50. BUF S Micah Hyde
46%
75. TB S Antoine Winfield Jr.
43%
18. IND LB Darius Leonard
43%
98. CHI RB David Montgomery
43%
52. NE LB Matthew Judon
39%
70. NO S Tyrann Mathieu
39%
34. TEN S Kevin Byard
36%
90. FA WR Odell Beckham Jr.
36%
55. CLE G Joel Bitonio
32%
82. IND CB Kenny Moore II
32%
100. SF FB Kyle Juszczyk
32%
86. TB LB Shaquil Barrett
32%
83. CLE G Wyatt Teller
29%
73. ATL RB Cordarrelle Patterson
25%
79. LAC OT Rashawn Slater
25%
60. LAC C Corey Linsley
14%
49. GB LB De'Vondre Campbell
14%
48. CHI DE Robert Quinn
11%
No matching quizzes found
Score Distribution
Percent of People with Each Score
Percentile by Number Answered
Your Score History
You have not taken this quiz